000 00310nam a22001337a 4500
008 170418b xxu||||| |||| 00| 0 eng d
020 _a0845100785
041 _aeng
080 _a573
100 _a11
101 _aSHM
245 _aPROGRESS IN CLINICAL AND BIOLOGICAL RESEARCH
_cLISS, A.R
942 _2udc
_cBK
999 _c11035
_d11035